Statistics for Top 10 San Francisco Giants of All-Time

Click here to take the quiz!

General Stats

  • This quiz has been taken 273 times
    (154 since last reset)
  • The average score is 6 of 10

Answer Stats

WARYearsPositionPlayer% Correct
112.51993–2007OFBarry Bonds
97%
154.61951–1952, 1954–1972OFWillie Mays
95%
44.82009–2021CBuster Posey
90%
59.41959–1973, 1977–19801BWillie McCovey
73%
106.61900–1916PChristy Mathewson
57%
63.51960–1973PJuan Marichel
56%
110.81926–1947OFMel Ott
50%
68.51928–1943PCarl Hubbell
28%
56.51923–19361BBill Terry
21%
44.01922–1936SSTravis Jackson
8%

Score Distribution

Percentile by Number Answered

Percent of People with Each Score

Your Score History

You have not taken this quiz since the last reset